Geography Quiz

Random Geography or Asia Quiz

Fix the Middle East Map Quiz Stats

 Plays Quiz Updated Jun 6, 2018

Score 0/12 Timer 03:00
12 Plays Today
% Correct
     IRAN     
89.9%
Abu
Dhabi
84.7%
LEBANON 
84.5%
Kuwait City
82.3%
YEMEN
81.4%
Jerusalem
78.9%
Beirut 
75.2%
QATAR   
73.8%
Manama
70.8%
Riyadh
65.9%
Salalah
53%
  Aleppo  
38.6%

You're not logged in!

Compare scores with friends on all Sporcle quizzes.
OR
Log In

Sporcle TV

Today on Sporcle TV


Watch our educational content, quiz creation guides, and fun videos on Sporcle TV.

Show Comments

Extras

Top Quizzes Today


Score Distribution

Your Account Isn't Verified!

In order to create a playlist on Sporcle, you need to verify the email address you used during registration. Go to your Sporcle Settings to finish the process.

Report this User

Report this user for behavior that violates our Community Guidelines.

Details: